000 00416cam a22001337a 4500
008 180718b1979 xxu||||| |||| 00| 0 eng d
082 _aAPPPA 78-79 GOY
100 _aGoyal, S.P.
245 _aIntelligence wing in income tax its role and effectiveness
_cby S.P. Goyal
260 _aNew Delhi
_bIndian Institute of Public Administration
_c1979
300 _a77p.
650 _aIncome tax
650 _aIntelligence wing
999 _c501169
_d501169